000 00655nam a2200241Ia 4500
005 20260430150234.0
008 008 250103s9999 xx 000 0 eng d
037 _aTheses
040 _aCRL
040 _beng
040 _ceng
041 _2eng
041 _aeng
084 _qCRL
100 _aAli Semeen Au.; Devadawson Christel R. Gu.
_91236896
245 0 _aPolitics of location in Pakistan with reference to kamila shamsie's works
260 _c2020
300 _a193p.
650 _aEnglish Literature
700 _aUniversity of Delhi. Faculty of Arts. Depatment of English
_91236897
942 _cTH
999 _c1849295
_d1849295